Count to ten (0-10) in several languages - Statistics

General Stats
  • This quiz has been taken 41 times
    28 since last reset
  • The average score is 63 of 110
Answer Stats
Hint Answer % Correct
1 Uno
100%
8 Acht
93%
5 Cinco
93%
4 Cuatro
93%
2 Dos
93%
3 Drei
93%
1 Ein
93%
5 Fünf
93%
9 Neun
93%
6 Seis
93%
7 Sept
93%
7 Sieben
93%
3 Tres
93%
3 Trois
93%
1 Un
93%
4 Vier
93%
2 Zwei
93%
5 Cinq
87%
2 Deux
87%
8 Ocho
87%
6 Sechs
87%
7 Siete
87%
1 Uno
87%
10 Zehn
87%
0 Zéro
87%
5 Cinque
80%
10 Diez
80%
10 Dix
80%
8 Huit
80%
9 Neuf
80%
2 Ni
80%
9 Nueve
80%
4 Quatre
80%
3 San
80%
3 Tre
80%
0 Zero
80%
8 Otto
73%
4 Quattro
73%
6 Sei
73%
7 Sette
73%
4 Shi (Yon)
73%
6 Six
73%
0 Cero
67%
2 Due
67%
5 Go
67%
1 Ichi
67%
9 Nove
67%
0 Null
67%
7 Shichi (Nana)
67%
2 Dva
60%
1 Een
60%
8 Hachi
60%
9 Kyu
60%
0 Nul
60%
6 Roku
60%
10 Dieci
53%
1 En
53%
5 Khamsa
53%
1 Odin
53%
3 Tri
53%
8 Acht
47%
4 Arba'ah
47%
4 Chetyrye
47%
5 Fem
47%
10 Ju
47%
0 Null
47%
3 Tre
47%
4 Vier
47%
8 Åtte
40%
10 Dyesyat
40%
9 Dyevyat
40%
4 Fire
40%
9 Ni
40%
5 Pyat
40%
6 Seks
40%
6 Shest
40%
7 Syem
40%
7 Syv (Sju)
40%
10 Ti
40%
2 To
40%
8 Vosyem
40%
1 Wahed
40%
10 Asharah
33%
3 Drie
33%
0 Nul
33%
7 Sab'ah
33%
0 Sifr
33%
6 Sittah
33%
3 Thalethe
33%
8 Thamaniyah
33%
10 Tien
33%
9 Tis'ah
33%
2 Twee
33%
2 Dol
27%
1 Hana
27%
2 Ithnan
27%
9 Negen
27%
5 Vijf
27%
0 Zero
27%
6 Zes
27%
7 Zeven
27%
5 Dasot
20%
3 Set
20%
6 Yosot
20%
9 Ahop
13%
7 Ilgop
13%
4 Net
13%
8 Yodol
13%
10 Yol
13%
0 Jelo
0%
No matching quizzes found
Score Distribution
Percent of People with Each Score
Percentile by Number Answered
Your Score History
You have not taken this quiz since the last reset